Tìm hiểu từ Hán Việt trong sách giáo khoa tiếng Viêt lớp 4

Cơ sở lý luận... Thống kê , phân loại và đề xuất hướng giải nghĩa từ trong sách giáo khoa Tiếng Việt lớp 4...Mở rộng vốn yếu tố Hán Việt , vốn từ Hán Việt và đề xuất hướng giải nghĩa từ Hán Việt cho học sinh lớp 4 ...

में बचाया:
ग्रंथसूची विवरण
मुख्य लेखक: Phạm, Thị H
अन्य लेखक: Bùi, Thị Thanh Th.S (Người hướng dẫn)
स्वरूप: पुस्तक
भाषा:Vietnamese
प्रकाशित: Đại học Sư Phạm Đại học Đà Nẵng 2009
विषय:
टैग : टैग जोड़ें
कोई टैग नहीं, इस रिकॉर्ड को टैग करने वाले पहले व्यक्ति बनें!
Thư viện lưu trữ: Mạng thư viện Đại học Đà Nẵng
LEADER 01479nam a2200325 4500
001 000011705
003 7972
005 20120208140228.0
008 120208s2009 viesd
041 |a vie 
072 |a Khóa luận tốt nghiệp -Giaó dục tiểu học mầm non 
082 |a 372.61  |b PH-H 
100 1 |a Phạm, Thị Hà 
245 1 |a Tìm hiểu từ Hán Việt trong sách giáo khoa tiếng Viêt lớp 4  |c Phạm, Thị Hà 
260 |a Đại học Sư Phạm  |b Đại học Đà Nẵng  |c 2009 
300 |a 199 tr.  |c 29 cm. 
500 |a Khóa luận tốt nghiệp 
520 |a Cơ sở lý luận... Thống kê , phân loại và đề xuất hướng giải nghĩa từ trong sách giáo khoa Tiếng Việt lớp 4...Mở rộng vốn yếu tố Hán Việt , vốn từ Hán Việt và đề xuất hướng giải nghĩa từ Hán Việt cho học sinh lớp 4 ... 
653 |a Lớp 4  |a Tiếng Việt 
700 |a Bùi, Thị Thanh  |c Th.S  |e Người hướng dẫn 
OWN |a LSP 
AVA |a UDN50  |b LSP  |d 372.61 PH-H  |e available  |t Error 5001 Not defined in file expand_doc_bib_avail.  |f 1  |g 0  |h N  |i 0  |k 1 
999 |a From the UDN01 
AVA |a UDN50  |b LSP  |d 372.61 PH-H  |e available  |t Error 5001 Not defined in file expand_doc_bib_avail.  |f 1  |g 0  |h N  |i 0  |k 1 
TYP |a Monograph 
TYP |a Printed language 
980 |a Mạng thư viện Đại học Đà Nẵng